[Event "POL-chT 2nd League"]
[Site "Sypniewo"]
[Date "2021.09.05"]
[Round "2.12"]
[White "Jedynak, January"]
[Black "Flis, Pawel"]
[Result "0-1"]
[WhiteElo "1877"]
[BlackElo "1840"]
[PlyCount "92"]
[EventDate "2021.09.04"]
[EventType "team-swiss"]
[EventRounds "9"]
[EventCountry "POL"]
[SourceTitle "CBM 204 Extra"]
[Source "ChessBase"]
[SourceDate "2021.11.30"]
[SourceVersion "1"]
[SourceVersionDate "2021.11.30"]
[SourceQuality "1"]
[WhiteTeam "Warszawa Zugzwang"]
[BlackTeam "Lodz Okucia Budowlane"]
[WhiteTeamCountry "POL"]
[BlackTeamCountry "POL"]

1. b3 e5 2. Bb2 d6 3. e4 Nf6 4. Nc3 Nc6 5. Nf3 Be7 6. d4 Bg4 7. d5 Nd4 8. Be2 Nxe2 9. Qxe2 0-0 10. h3 Bd7 11. g4 c6 12. 0-0-0 cxd5 13. Nxd5 Nxd5 14. Rxd5 Be6 15. Rdd1 Qa5 16. Kb1 b5 17. Ne1 Rfc8 18. Ng2 Rc6 19. Ne3 Rac8 20. Qd2 Qc7 21. Nd5 Bxd5 22. Qxd5 Rxc2 23. Rc1 Bg5 24. Rxc2 Qxc2+ 25. Ka1 h6 26. Qb7 Qc6 27. Qxc6 Rxc6 28. Rd1 Kf8 29. Rd5 a6 30. Ba3 Be7 31. Bb4 Ke8 32. Kb2 Kd7 33. Bc3 Ke6 34. f4 exf4 35. Bxg7 Bg5 36. Rf5 Rc5 37. h4 Bxh4 38. Bxh6 Rxf5 39. exf5+ Ke5 40. Kc2 Ke4 41. Kd2 d5 42. Ke2 d4 43. a4 Be7 44. Bg7 d3+ 45. Kd1 f3 46. Ke1 Bh4+ 0-1

[Event "Rubinstein Memorial-A 55th"]
[Site "Polanica Zdroj"]
[Date "2019.08.21"]
[Round "5"]
[White "Jedynak, January"]
[Black "Czarniecka, Aleksandra"]
[Result "0-1"]
[WhiteElo "1822"]
[BlackElo "2042"]
[PlyCount "120"]
[EventDate "2019.08.17"]
[EventType "swiss"]
[EventRounds "9"]
[EventCountry "POL"]
[SourceTitle "EXT 2020"]
[Source "ChessBase"]
[SourceDate "2019.10.17"]
[SourceVersion "1"]
[SourceVersionDate "2019.10.17"]
[SourceQuality "1"]

1. e4 c5 2. Nf3 d6 3. Bb5+ Bd7 4. Bxd7+ Qxd7 5. c4 Nc6 6. Nc3 g6 7. d4 cxd4 8. Nxd4 Bg7 9. Be3 Nf6 10. f3 0-0 11. 0-0 a6 12. a4 e6 13. Rc1 Ne5 14. b3 Qc7 15. Qd2 Nfd7 16. Rfd1 Nc5 17. Rb1 Rfd8 18. h3 b6 19. f4 Nc6 20. f5 Ne5 21. Qf2 Qe7 22. Kh1 Rac8 23. Rf1 Ncd7 24. Rbd1 h6 25. Qd2 Kh7 26. Nde2 Nc5 27. Nd4 Nxb3 28. Nxb3 Nxc4 29. Nd5 Nxd2 30. Nxe7 Nxf1 31. Nxc8 Nxe3 32. Rc1 gxf5 33. exf5 Nxf5 34. Nxb6 Ng3+ 35. Kh2 Be5 36. Rc6 d5 37. Nc5 Ne2+ 38. Kh1 Nd4 39. Rc8 Rxc8 40. Nxc8 a5 41. Nb7 Bc7 42. Kg1 Nc6 43. Kf2 Kg6 44. Ke3 f5 45. Nc5 d4+ 46. Kd3 e5 47. Kc4 e4 48. Kb5 d3 49. Nb3 Nd4+ 50. Nxd4 d2 51. Ne7+ Kf7 52. Nexf5 d1Q 53. Nxh6+ Kg6 54. Nhf5 Be5 55. Ne7+ Kf7 56. Ndc6 e3 57. Kxa5 e2 58. Nxe5+ Kxe7 59. Nf3 e1Q+ 60. Nxe1 Qxe1+ 0-1

[Event "Rubinstein Memorial-A 55th"]
[Site "Polanica Zdroj"]
[Date "2019.08.20"]
[Round "4"]
[White "Praczukowski, Stanislaw"]
[Black "Jedynak, January"]
[Result "1-0"]
[WhiteElo "2126"]
[BlackElo "1822"]
[PlyCount "83"]
[EventDate "2019.08.17"]
[EventType "swiss"]
[EventRounds "9"]
[EventCountry "POL"]
[SourceTitle "EXT 2020"]
[Source "ChessBase"]
[SourceDate "2019.10.17"]
[SourceVersion "1"]
[SourceVersionDate "2019.10.17"]
[SourceQuality "1"]

1. d4 d5 2. c4 e6 3. Nf3 c6 4. Nbd2 Nd7 5. g3 Ngf6 6. Bg2 Bd6 7. 0-0 0-0 8. Qc2 Qc7 9. e4 dxe4 10. Nxe4 Nxe4 11. Qxe4 Nf6 12. Qc2 c5 13. dxc5 Bxc5 14. Bf4 Qe7 15. Be5 Nd7 16. Bc3 Rd8 17. Rad1 Rb8 18. a3 Nf8 19. Be5 Ra8 20. Rxd8 Qxd8 21. Rd1 Qe8 22. b4 Be7 23. Qb2 f6 24. Bc3 e5 25. Nd2 Qa4 26. Qb3 Qa6 27. a4 Be6 28. b5 Qb6 29. a5 Qc7 30. a6 Rd8 31. axb7 Nd7 32. Qa2 Bc5 33. Ba5 Bb6 34. Bxb6 Nxb6 35. Rc1 Qb8 36. Qa5 Rd4 37. c5 Ra4 38. Qc3 Nd5 39. Bxd5 Bxd5 40. c6 Qc7 41. Qc2 Ra2 42. Qf5 1-0

[Event "Rubinstein Memorial-A 55th"]
[Site "Polanica Zdroj"]
[Date "2019.08.17"]
[Round "1"]
[White "Jaroch, Karol"]
[Black "Jedynak, January"]
[Result "1/2-1/2"]
[WhiteElo "2231"]
[BlackElo "1822"]
[PlyCount "112"]
[EventDate "2019.08.17"]
[EventType "swiss"]
[EventRounds "9"]
[EventCountry "POL"]
[SourceTitle "EXT 2020"]
[Source "ChessBase"]
[SourceDate "2019.10.17"]
[SourceVersion "1"]
[SourceVersionDate "2019.10.17"]
[SourceQuality "1"]

1. c4 c6 2. Nf3 d5 3. e3 Nf6 4. b3 Bg4 5. Bb2 e6 6. Be2 Bd6 7. h3 Bh5 8. d3 Nbd7 9. Nbd2 Qe7 10. Qc2 0-0 11. g4 Bg6 12. h4 h5 13. gxh5 Bxh5 14. Rg1 e5 15. Rg5 Bg6 16. 0-0-0 a5 17. Rh1 a4 18. h5 axb3 19. axb3 Bh7 20. Rhg1 Ne8 21. Kb1 b5 22. c5 Bxc5 23. Nxe5 f6 24. Nxd7 Qxd7 25. Rxg7+ Nxg7 26. h6 Be7 27. Rxg7+ Kh8 28. Nf3 Rg8 29. Rxe7 Qxe7 30. Qxc6 Rgf8 31. Nd4 Qb4 32. Bc3 Qa3 33. Qxd5 b4 34. Bb2 Qa2+ 35. Kc1 Rac8+ 36. Nc6 Qa6 37. Bf3 Rxc6+ 38. Qxc6 Qxc6+ 39. Bxc6 Rc8 40. Bxf6+ Kg8 41. Be7 Rxc6+ 42. Kd2 Rc3 43. e4 Rxb3 44. Kc2 Ra3 45. Bxb4 Ra2+ 46. Kb3 Rxf2 47. Bc3 Kf7 48. Bg7 Ke6 49. Kc3 Rh2 50. Kd4 Rh3 51. Kc4 Kd6 52. Kd4 Bg8 53. Bf8+ Ke6 54. Bg7 Bh7 55. Kc4 Kd6 56. Kd4 Ke6 1/2-1/2

[Event "Mazowiec-chT op 1718"]
[Site "Warsaw"]
[Date "2018.01.07"]
[Round "3.5"]
[White "Wrzodak, Jaroslaw"]
[Black "Jedynak, January"]
[Result "0-1"]
[WhiteElo "1283"]
[BlackElo "1830"]
[PlyCount "66"]
[EventDate "2017.12.03"]
[EventType "team-swiss"]
[EventRounds "10"]
[EventCountry "POL"]
[SourceTitle "EXT 2020"]
[Source "ChessBase"]
[SourceDate "2019.10.17"]
[SourceVersion "1"]
[SourceVersionDate "2019.10.17"]
[SourceQuality "1"]

1. e4 e6 2. d4 d5 3. e5 c5 4. c3 Nc6 5. Nf3 Qb6 6. Be2 Bd7 7. 0-0 Nge7 8. a3 cxd4 9. cxd4 Nf5 10. b4 Ncxd4 11. Be3 Nxe3 12. Qxd4 Nxf1 13. Kxf1 Bb5 14. Nc3 Bxe2+ 15. Nxe2 Qxd4 16. Nexd4 Rc8 17. Ke2 Be7 18. Kd3 Kd7 19. Nc2 Rc7 20. Nfd4 Rhc8 21. Ra2 a6 22. f4 g6 23. g4 Rc3+ 24. Ke2 Rh3 25. Nf3 Rc3 26. Ncd4 Bd8 27. b5 axb5 28. Rb2 Bb6 29. Rxb5 Bxd4 30. Nxd4 Rxh2+ 31. Kd1 Rd3+ 32. Kc1 Rxd4 33. Rxb7+ Ke8 0-1

[Event "Mazowiec-chT op 1617"]
[Site "Warsaw"]
[Date "2017.01.08"]
[Round "3.6"]
[White "Basiaga, Sebastian"]
[Black "Jedynak, January"]
[Result "0-1"]
[WhiteElo "1448"]
[BlackElo "1749"]
[PlyCount "72"]
[EventDate "2016.12.11"]
[EventType "team-swiss"]
[EventRounds "10"]
[EventCountry "POL"]
[SourceTitle "EXT 2019"]
[Source "ChessBase"]
[SourceDate "2018.10.10"]
[SourceVersion "1"]
[SourceVersionDate "2018.10.10"]
[SourceQuality "1"]

1. e4 e6 2. d4 d5 3. exd5 exd5 4. Bd3 Bd6 5. Nf3 Ne7 6. 0-0 0-0 7. Bg5 f6 8. Bh4 Bf5 9. Bg3 Nbc6 10. c3 Qd7 11. Bxd6 Qxd6 12. Qc2 Qd7 13. Nbd2 Rfe8 14. Rfe1 Bxd3 15. Qxd3 Ng6 16. h3 Nce7 17. Nf1 Nf4 18. Qc2 Neg6 19. Ng3 Nxg2 20. Rxe8+ Rxe8 21. Qf5 Qxf5 22. Nxf5 N2f4 23. h4 Re2 24. Kf1 Rxb2 25. Re1 Nd3 26. Re2 Rb1+ 27. Ne1 Rxe1+ 28. Rxe1 Nxe1 29. Kxe1 Kf7 30. h5 Ne7 31. Ne3 Ke6 32. Ke2 Nf5 33. Ng4 Nd6 34. Ke3 Kf5 35. f3 Kg5 36. h6 Nf5+ 0-1

[Event "Mazowiec-chT op 2013"]
[Site "Poland"]
[Date "2013.10.27"]
[Round "6.16"]
[White "Maj, Pawel"]
[Black "Jedynak, January"]
[Result "1-0"]
[WhiteElo "1732"]
[BlackElo "1647"]
[PlyCount "85"]
[EventDate "2013.09.29"]
[EventType "team-swiss"]
[EventRounds "10"]
[EventCountry "POL"]
[SourceTitle "EXT 2019"]
[Source "ChessBase"]
[SourceDate "2018.10.10"]
[SourceVersion "1"]
[SourceVersionDate "2018.10.10"]
[SourceQuality "1"]

1. e4 c5 2. Nf3 d6 3. d4 cxd4 4. Nxd4 Nf6 5. Nc3 a6 6. Be3 Ng4 7. Bc1 Nf6 8. Be3 Ng4 9. Bg5 Qb6 10. Nd5 Qd8 11. Be2 Nc6 12. 0-0 g6 13. h3 Nge5 14. f4 Nd7 15. Qd2 Nc5 16. Bf3 Ne6 17. Nxc6 bxc6 18. Qc3 Bg7 19. Qxc6+ Bd7 20. Qb7 Rb8 21. Qxa6 Bb5 22. Qa3 Nxg5 23. fxg5 Bxf1 24. Rxf1 Bxb2 25. Qa7 Rc8 26. Bg4 Rc4 27. Qb7 Bd4+ 28. Kh1 Rxc2 29. Qb3 Rf2 30. Rxf2 Bxf2 31. Qb2 0-0 32. Qxf2 Kg7 33. Qd4+ e5 34. Qd2 Qb8 35. Qf2 Qd8 36. Qe3 Qb8 37. a4 Qb1+ 38. Kh2 Ra8 39. Qf3 Rxa4 40. Qf6+ Kg8 41. Qd8+ Kg7 42. Nf6 Ra1 43. Qg8# 1-0

[Event "Mazowiec-chT 1213"]
[Site "Poland"]
[Date "2013.01.20"]
[Round "3.16"]
[White "Nowicki, Bartosz"]
[Black "Jedynak, January"]
[Result "1-0"]
[WhiteElo "2142"]
[BlackElo "1655"]
[PlyCount "93"]
[EventDate "2013.01.13"]
[EventType "team-tourn"]
[EventRounds "10"]
[EventCountry "POL"]
[SourceTitle "EXT 2019"]
[Source "ChessBase"]
[SourceDate "2018.10.10"]
[SourceVersion "1"]
[SourceVersionDate "2018.10.10"]
[SourceQuality "1"]

1. e4 e6 2. d4 d5 3. Nc3 Nf6 4. Bg5 Be7 5. e5 Nfd7 6. h4 Bxg5 7. hxg5 Qxg5 8. Nh3 Qe7 9. Qd2 Nc6 10. 0-0-0 Nb6 11. f4 Bd7 12. g4 0-0-0 13. Qf2 Na5 14. Re1 Nac4 15. Bxc4 Nxc4 16. f5 Nxb2 17. Kxb2 Qb4+ 18. Kc1 Qxc3 19. Ng5 Rdf8 20. Nxh7 Re8 21. Rh4 Qa1+ 22. Kd2 Qxa2 23. Ke3 Qa5 24. Kf4 g5+ 25. Kxg5 Reg8+ 26. Kf4 Rg7 27. Reh1 exf5 28. Nf6 Rxh4 29. Rxh4 c6 30. gxf5 Qa3 31. Qe1 Qb2 32. Rh8+ Kc7 33. Qa5+ Qb6 34. Qxb6+ axb6 35. e6 fxe6 36. fxe6 Rg1 37. exd7 Rf1+ 38. Ke5 Re1+ 39. Kf5 Rf1+ 40. Kg6 Rxf6+ 41. Kxf6 Kxd7 42. Rh7+ Kc8 43. Ke6 Kb8 44. Kd6 Ka7 45. Rh1 Kb8 46. Rb1 b5 47. Ra1 1-0

[Event "POL-ch Amateur"]
[Site "Wroclaw"]
[Date "2013.??.??"]
[Round "3"]
[White "Minko, Janusz"]
[Black "Jedynak, January"]
[Result "0-1"]
[WhiteElo "1863"]
[BlackElo "1647"]
[PlyCount "110"]
[EventDate "2013.06.??"]
[EventType "swiss"]
[EventRounds "9"]
[EventCountry "POL"]
[SourceTitle "EXT 2014"]
[Source "ChessBase"]
[SourceDate "2013.11.20"]
[SourceVersion "1"]
[SourceVersionDate "2013.11.20"]
[SourceQuality "1"]

1. d4 e6 2. c4 Nf6 3. Nc3 d5 4. Bf4 c6 5. e3 Qa5 6. Bd3 dxc4 7. Bxc4 Bb4 8. Qc2 Nd5 9. Nge2 Nxf4 10. Nxf4 Nd7 11. 0-0 Nb6 12. Bd3 Nd5 13. Ncxd5 exd5 14. Nh5 g6 15. Ng3 Be6 16. a3 Bd6 17. e4 h5 18. f4 h4 19. Ne2 dxe4 20. Bxe4 Qc7 21. Rac1 Rc8 22. h3 Rg8 23. d5 Qb6+ 24. Kh1 cxd5 25. Qa4+ Ke7 26. f5 Rxc1 27. Nxc1 gxf5 28. Bxf5 Qxb2 29. Qxh4+ Ke8 30. Bg4 Bxg4 31. Nd3 Qg7 32. Qxg4 Qxg4 33. hxg4 Rxg4 34. Rf5 Rd4 35. Rf3 Bxa3 36. Kg1 Bd6 37. Kf2 a5 38. Ke3 Re4+ 39. Kd2 Bb4+ 40. Kc2 Re2+ 41. Kb3 Rxg2 42. Nxb4 axb4 43. Kxb4 Ke7 44. Kc5 Rd2 45. Rb3 f5 46. Rxb7+ Ke6 47. Rb8 f4 48. Rf8 Ke5 49. Re8+ Kf5 50. Kd6 f3 51. Rf8+ Ke4 52. Re8+ Kd4 53. Rf8 f2 54. Rf4+ Ke3 55. Ke5 Ke2 0-1

[Event "POL-chT U19 2nd League"]
[Site "Borowice"]
[Date "2012.07.26"]
[Round "8"]
[White "Jedynak, January"]
[Black "Stasiowski, Karol"]
[Result "1-0"]
[WhiteElo "1665"]
[BlackElo "1507"]
[PlyCount "127"]
[EventDate "2012.07.21"]
[EventType "team-swiss"]
[EventRounds "11"]
[EventCountry "POL"]
[SourceTitle "EXT 2014"]
[Source "ChessBase"]
[SourceDate "2013.11.20"]
[SourceVersion "1"]
[SourceVersionDate "2013.11.20"]
[SourceQuality "1"]
[WhiteTeam "Otwock UKS MDK U19"]
[BlackTeam "Imielin MKSz Diagonalia U19"]
[WhiteTeamCountry "POL"]
[BlackTeamCountry "POL"]

1. d4 d5 2. c4 c6 3. Nf3 e6 4. Nc3 Nf6 5. Bg5 Nbd7 6. e3 Be7 7. Bd3 0-0 8. 0-0 h6 9. Bh4 c5 10. Qc2 b6 11. cxd5 Nxd5 12. Bxe7 Nxe7 13. e4 cxd4 14. Nb5 e5 15. Nd6 Ng6 16. Qc6 Rb8 17. Bc4 Nc5 18. Nxc8 Rxc8 19. Qxg6 b5 20. Bxf7+ Rxf7 21. Nxe5 Rf6 22. Qg4 Re6 23. f4 Qe8 24. Rad1 Rd8 25. Qf3 Rdd6 26. Rc1 Na6 27. Rfe1 Qd8 28. Qb3 Kf8 29. Nd3 Rc6 30. Rxc6 Rxc6 31. Ne5 Rf6 32. Qxb5 Kg8 33. Qd5+ Qxd5 34. exd5 Rd6 35. Nc6 Nc7 36. Nxd4 Rxd5 37. Re7 Rxd4 38. Rxc7 Rd2 39. Rxa7 Rxb2 40. a4 Ra2 41. a5 Kf8 42. a6 g6 43. h3 Ke8 44. Ra8+ Kd7 45. a7 Kc7 46. Rg8 Rxa7 47. Rg7+ Kb8 48. Rxa7 Kxa7 49. Kf2 Kb6 50. Ke3 Kc5 51. Ke4 Kd6 52. g4 Ke6 53. f5+ gxf5+ 54. gxf5+ Kf6 55. Kf4 Kf7 56. Ke5 Ke7 57. f6+ Kf7 58. Kf5 h5 59. h4 Kf8 60. Kg6 Kg8 61. Kxh5 Kh8 62. Kg6 Kg8 63. f7+ Kf8 64. h5 1-0